<?xml version="1.0" encoding="UTF-8"?>
<record
    xmlns:xsi="http://www.w3.org/2001/XMLSchema-instance"
    xsi:schemaLocation="http://www.loc.gov/MARC21/slim http://www.loc.gov/standards/marcxml/schema/MARC21slim.xsd"
    xmlns="http://www.loc.gov/MARC21/slim">

  <leader>01520nam a2200325 a 4500</leader>
  <controlfield tag="001">000005383</controlfield>
  <controlfield tag="005">20200929151648.0</controlfield>
  <controlfield tag="008">090819s1997    es            001 0 spa d</controlfield>
  <datafield tag="020" ind1=" " ind2=" ">
    <subfield code="a">8400076982</subfield>
  </datafield>
  <datafield tag="040" ind1=" " ind2=" ">
    <subfield code="a">DO-SdBNP</subfield>
    <subfield code="b">spa</subfield>
    <subfield code="c">BNPHU</subfield>
  </datafield>
  <datafield tag="041" ind1="1" ind2="7">
    <subfield code="a">arc</subfield>
    <subfield code="h">spa</subfield>
  </datafield>
  <datafield tag="082" ind1=" " ind2=" ">
    <subfield code="a">224.1</subfield>
    <subfield code="b">B582t</subfield>
  </datafield>
  <datafield tag="130" ind1="0" ind2=" ">
    <subfield code="a">Biblia.</subfield>
    <subfield code="p">A.T.</subfield>
    <subfield code="p">Ezequiel</subfield>
    <subfield code="l">Arameo</subfield>
    <subfield code="t">Targum Jonat&#xE1;n</subfield>
    <subfield code="9">15272</subfield>
  </datafield>
  <datafield tag="245" ind1="1" ind2="0">
    <subfield code="a">Targum Jonat&#xE1;n de los profetas posteriores en tradici&#xF3;n babil&#xF3;nica :</subfield>
    <subfield code="b">Ezequiel /</subfield>
    <subfield code="c">Josep Ribera Florit.</subfield>
  </datafield>
  <datafield tag="260" ind1=" " ind2=" ">
    <subfield code="a">Madrid :</subfield>
    <subfield code="b">Consejo Superior de Investigaciones Cient&#xED;ficas,</subfield>
    <subfield code="c">1997.</subfield>
  </datafield>
  <datafield tag="300" ind1=" " ind2=" ">
    <subfield code="a">250 p. ;</subfield>
    <subfield code="c">27 cm.</subfield>
  </datafield>
  <datafield tag="490" ind1="1" ind2=" ">
    <subfield code="a">Textos y Estudios "Cardenal Cisneros" de la Biblia Pol&#xED;glota Matritense</subfield>
    <subfield code="v">62</subfield>
  </datafield>
  <datafield tag="500" ind1=" " ind2=" ">
    <subfield code="a">Introducci&#xF3;n y notas en espa&#xF1;ol, con texto en arameo, con caracteres hebreos.</subfield>
  </datafield>
  <datafield tag="546" ind1=" " ind2=" ">
    <subfield code="a">Arameo, Espa&#xF1;ol</subfield>
  </datafield>
  <datafield tag="630" ind1="0" ind2="4">
    <subfield code="a">BIBLIA-A.T.-EZEQUIEL-CR&#xCD;TICA TEXTUAL</subfield>
    <subfield code="9">15273</subfield>
  </datafield>
  <datafield tag="650" ind1=" " ind2="4">
    <subfield code="a">Civilizaci&#xF3;n asirio-babil&#xF3;nica</subfield>
    <subfield code="x">Relaci&#xF3;n con el antiguo testamento</subfield>
    <subfield code="9">15274</subfield>
  </datafield>
  <datafield tag="650" ind1=" " ind2="4">
    <subfield code="a">Profetas</subfield>
    <subfield code="9">15275</subfield>
  </datafield>
  <datafield tag="651" ind1=" " ind2="4">
    <subfield code="a">Babilonia</subfield>
    <subfield code="x">Manustritos</subfield>
    <subfield code="9">15276</subfield>
  </datafield>
  <datafield tag="700" ind1="1" ind2=" ">
    <subfield code="a">Ribera Florit, Josep,</subfield>
    <subfield code="e">introd.</subfield>
    <subfield code="9">15277</subfield>
  </datafield>
  <datafield tag="710" ind1="2" ind2=" ">
    <subfield code="a">Consejo Superior de Investigaciones Cient&#xED;ficas (Espa&#xF1;a).</subfield>
    <subfield code="b">Instituto de Filolog&#xED;a B&#xED;blica del CSIC.</subfield>
    <subfield code="b">Departamento de Filolog&#xED;a B&#xED;blica y de Oriente Antiguo</subfield>
    <subfield code="9">15278</subfield>
  </datafield>
  <datafield tag="730" ind1="0" ind2=" ">
    <subfield code="a">Biblia.</subfield>
    <subfield code="p">A.T.</subfield>
    <subfield code="p">Profetas</subfield>
    <subfield code="l">Arameo</subfield>
    <subfield code="t">Targum Jonat&#xE1;n</subfield>
    <subfield code="9">15279</subfield>
  </datafield>
  <datafield tag="830" ind1=" " ind2="0">
    <subfield code="a">Textos y Estudios "Cardenal Cisneros" de la Biblia Pol&#xED;glota Matritense</subfield>
    <subfield code="v">62</subfield>
    <subfield code="9">15280</subfield>
  </datafield>
  <datafield tag="910" ind1=" " ind2=" ">
    <subfield code="a">Validado. Control de calidad EMS</subfield>
  </datafield>
  <datafield tag="049" ind1=" " ind2=" ">
    <subfield code="a">BNPD</subfield>
  </datafield>
  <datafield tag="952" ind1=" " ind2=" ">
    <subfield code="0">0</subfield>
    <subfield code="1">0</subfield>
    <subfield code="5">4</subfield>
    <subfield code="7">0</subfield>
    <subfield code="8">MO</subfield>
    <subfield code="a">GR</subfield>
    <subfield code="b">GR</subfield>
    <subfield code="c">HD</subfield>
    <subfield code="d">2009-08-19</subfield>
    <subfield code="i">LF1</subfield>
    <subfield code="l">0</subfield>
    <subfield code="o">224.1 R484t</subfield>
    <subfield code="p">5383-10</subfield>
    <subfield code="r">2020-06-25</subfield>
    <subfield code="w">2020-06-25</subfield>
    <subfield code="y">4</subfield>
    <subfield code="Z">Pr&#xE9;stamo en sala</subfield>
  </datafield>
  <datafield tag="999" ind1=" " ind2=" ">
    <subfield code="c">5183</subfield>
    <subfield code="d">5183</subfield>
  </datafield>
</record>
